[Event "Hoersching op 1st"]
[Site "Hoersching"]
[Date "2013.03.23"]
[Round "2"]
[White "Gruenwald, Franz"]
[Black "Lutz, Richard"]
[Result "0-1"]
[WhiteElo "1437"]
[BlackElo "1674"]
[PlyCount "90"]
[EventDate "2013.03.22"]
[EventType "swiss"]
[EventRounds "7"]
[EventCountry "AUT"]
[SourceTitle "CBM 153 Extra"]
[Source "ChessBase"]
[SourceDate "2013.04.22"]
[SourceVersion "1"]
[SourceVersionDate "2013.04.22"]
[SourceQuality "1"]

1. d4 Nf6 2. Nf3 d5 3. Bf4 Nc6 4. h3 Bf5 5. Nbd2 Nb4 6. e4 Nxe4 7. Nh4 Nxd2 8. Nxf5 Nxf1 9. Kxf1 e6 10. Qe2 a6 11. c3 Nc6 12. Bg3 Ne7 13. Ne3 Ng6 14. Ng4 Bd6 15. Bxd6 Qxd6 16. g3 c5 17. Rd1 0-0 18. Kg2 cxd4 19. Rxd4 Rac8 20. Rhd1 b5 21. a3 Rc6 22. Ne3 Rfc8 23. Nc2 Qe5 24. Qd2 a5 25. Re1 Qf6 26. Ne3 Ne5 27. Rf4 Qd8 28. Qe2 Nc4 29. Nd1 Nd6 30. Ne3 Rc5 31. Rd4 Qf6 32. Ng4 Qd8 33. Ne5 R8c7 34. Qh5 Nf5 35. Rf4 g6 36. Qf3 Qe7 37. h4 h5 38. Rh1 Qd6 39. Qe2 d4 40. Nd3 Rc4 41. Ne5 R4c5 42. Nd3 Rc4 43. Re1 dxc3 44. g4 Nxh4+ 45. Kh3 Rxf4 0-1

[Event "Steyr op"]
[Site "Steyr"]
[Date "2012.08.31"]
[Round "5"]
[White "Gruenwald, Franz"]
[Black "Hoelzl, Bernhard"]
[Result "1/2-1/2"]
[WhiteElo "1373"]
[BlackElo "1518"]
[PlyCount "76"]
[EventDate "2012.08.27"]
[EventType "swiss"]
[EventRounds "7"]
[EventCountry "AUT"]
[SourceTitle "CBM 150 Extra"]
[Source "ChessBase"]
[SourceDate "2012.10.19"]
[SourceVersion "1"]
[SourceVersionDate "2012.10.19"]
[SourceQuality "1"]

1. d4 c6 2. c4 d5 3. e3 Nf6 4. Nc3 e6 5. Nf3 Nbd7 6. Qc2 c5 7. cxd5 Nxd5 8. Bd3 Nb4 9. Qd2 Nxd3+ 10. Qxd3 Be7 11. 0-0 0-0 12. Ne4 Nf6 13. b3 b6 14. Bb2 Bb7 15. Ned2 Qd5 16. Rae1 Rad8 17. e4 Qc6 18. Ne5 Qc7 19. Re3 Bd6 20. f4 cxd4 21. Bxd4 Bc5 22. Rc1 Qd6 23. Bxc5 Qxd3 24. Nxd3 bxc5 25. Rxc5 Bxe4 26. Nxe4 Nxe4 27. Ra5 Rd4 28. Rxa7 Rfd8 29. Ne1 Nf6 30. g3 Ng4 31. Rd3 Rxd3 32. Nxd3 g6 33. Ne5 Rd1+ 34. Kg2 Rd2+ 35. Kf3 Nxh2+ 36. Ke3 Nf1+ 37. Kf3 Nh2+ 38. Ke3 Nf1+ 1/2-1/2

[Event "Steyr op"]
[Site "Steyr"]
[Date "2012.08.29"]
[Round "3"]
[White "Gruenwald, Franz"]
[Black "Wadsack, Michael"]
[Result "0-1"]
[WhiteElo "1373"]
[BlackElo "1760"]
[PlyCount "46"]
[EventDate "2012.08.27"]
[EventType "swiss"]
[EventRounds "7"]
[EventCountry "AUT"]
[SourceTitle "CBM 150 Extra"]
[Source "ChessBase"]
[SourceDate "2012.10.19"]
[SourceVersion "1"]
[SourceVersionDate "2012.10.19"]
[SourceQuality "1"]

1. d4 d5 2. c4 dxc4 3. e4 e5 4. d5 Bd6 5. Bxc4 f5 6. Nc3 Nf6 7. f3 fxe4 8. fxe4 Nxe4 9. Nf3 Nxc3 10. bxc3 0-0 11. 0-0 Bg4 12. Be2 Qf6 13. Bg5 Qf5 14. Qd2 e4 15. Nh4 Qe5 16. Rxf8+ Kxf8 17. Rf1+ Kg8 18. Bf4 Bc5+ 19. Kh1 Qh5 20. Bxg4 Qxg4 21. Bg3 Nd7 22. Rf4 Qg5 23. Rf8+ Rxf8 0-1